| 000 | 00851nam a2200217Ia 4500 | ||
|---|---|---|---|
| 003 | OSt | ||
| 005 | 20250425161851.0 | ||
| 008 | 191128s2012 cl er 000 f spa d | ||
| 020 | _a9789568648183 | ||
| 040 |
_aCO-JMCR _cCO-JMCR |
||
| 041 | _aspa | ||
| 082 | 0 | 4 |
_aA-N _bRIEe |
| 100 | 1 |
_aRiedemann, Baldo, _eautor _97876 |
|
| 245 | 1 | 0 |
_aEucalipto : _bciudad paranoia : libro I / _cBaldo Riedemann |
| 260 |
_aChile : _bPuerto de Escape, _c2012 |
||
| 300 |
_a288 páginas ; _c 20 cm. |
||
| 490 | 0 | _aFantasía interior | |
| 520 | _aÚltima noche de borrachera en ciudad paranoia. Y los protagonistas: Germán, Oliver, Juan Baltasar, junto a las gemelas: Elena y Jesusa, se lo tomarán muy en serio. Y reunidos en el Concílio Eucalíptico, al ritmo de la más infernal banda sonora, deberán de | ||
| 650 | 0 | 4 |
_aNovela chilena _97877 |
| 942 |
_2ddc _cBK |
||
| 999 |
_c4511 _d4511 |
||